Groundwater governance in India: A legal and institutional perspective (Record no. 522557)

000 -LEADER
fixed length control field 01518nam a22001577a 4500
008 - FIXED-LENGTH DATA ELEMENTS--GENERAL INFORMATION
fixed length control field 230421b ||||| |||| 00| 0 eng d
100 ## - MAIN ENTRY--PERSONAL NAME
Personal name Khara, Deepratan Singh
245 ## - TITLE STATEMENT
Title Groundwater governance in India: A legal and institutional perspective
260 ## - PUBLICATION, DISTRIBUTION, ETC. (IMPRINT)
Place of publication, distribution, etc Indian Journal of Public Administration
300 ## - PHYSICAL DESCRIPTION
Extent 69(1), Mar, 2023: p.204-220
520 ## - SUMMARY, ETC.
Summary, etc Availability of and accessibility to groundwater have played a considerable role in India’s development, especially in the agriculture sector. Although the groundwater boom has provided numerous advantages, it has also created a slew of intractable problems in terms of overexploitation and resource depletion, leading to the emergence of a groundwater crisis. Although there exists a policy structure to address these concerns, India’s legal framework for groundwater governance and management is complex and multi-layered, with constitutional and statutory provisions of both the Central and state governments.
The present article aims to explore the nuances of groundwater governance in India from legal and institutional perspectives in an integrated manner. It examines the constitutional and right-based aspects of groundwater management as well as the evolution of associated groundwater policy measures undertaken so far. – Reproduced
650 ## - SUBJECT ADDED ENTRY--TOPICAL TERM
Topical term or geographic name as entry element Groundwater governance, Water policy, Model bills, Public trust doctrine.
9 (RLIN) 37828
773 ## - HOST ITEM ENTRY
Main entry heading Indian Journal of Public Administration
906 ## - LOCAL DATA ELEMENT F, LDF (RLIN)
Subject DIP WATER POLICY
942 ## - ADDED ENTRY ELEMENTS (KOHA)
Item type Articles
Holdings
Withdrawn status Lost status Source of classification or shelving scheme Damaged status Not for loan Permanent location Current location Date acquired Serial Enumeration / chronology Barcode Date last seen Koha item type
          Indian Institute of Public Administration Indian Institute of Public Administration 2023-04-21 69(1), Mar, 2023: p.204-220 AR128687 2023-04-21 Articles

Powered by Koha